[Event "South Wales International"]
[Site "Penarth Conservative Club, WLS"]
[Date "2013.07.14"]
[Round "2.1"]
[White "Petkov, Vladimir"]
[Black "Rudd, Jack"]
[Result "1-0"]
[WhiteElo "2544"]
[BlackElo "2280"]
[PlyCount "77"]
[EventDate "2013.??.??"]

1. d4 Nf6 2. c4 e6 3. Nc3 Bb4 4. e3 b6 5. Nge2 Ba6 6. a3 Be7 7. Nf4 d5 8. cxd5
Bxf1 9. dxe6 Ba6 10. exf7+ Kxf7 11. Qb3+ Ke8 12. Ne6 Qd7 13. Nxg7+ Kd8 14. Ne6+
Kc8 15. d5 Rg8 16. e4 Rxg2 17. Bf4 Ng4 18. Nd1 Bh4 19. Bg3 Bxg3 20. hxg3 Ne5
21. Kd2 Nbc6 22. Rc1 Na5 23. Qc3 Nac4+ 24. Kc2 Kb7 25. Kb1 Ng4 26. Qd4 Re8 27.
Rxc4 Bxc4 28. Qxc4 Nxf2 29. Rxh7 Re7 30. Rxe7 Qxe7 31. Qf1 Rxg3 32. Qxf2 Qh4
33. Qc2 Qe7 34. Qc6+ Kb8 35. Nc3 a6 36. Qc4 b5 37. Qc6 Qd6 38. Qe8+ Ka7 39. Nd4
1-0

[Event "South Wales International"]
[Site "Penarth Conservative Club, WLS"]
[Date "2013.07.14"]
[Round "2.2"]
[White "Cooksey, Paul"]
[Black "Hawkins, Jonathan"]
[Result "1/2-1/2"]
[WhiteElo "2293"]
[BlackElo "2517"]
[PlyCount "93"]
[EventDate "2013.??.??"]

1. c4 Nf6 2. Nf3 e6 3. g3 d5 4. Bg2 dxc4 5. Qa4+ Nbd7 6. Qxc4 a6 7. O-O b5 8.
Qc2 Bb7 9. a4 c5 10. Nc3 Qb6 11. d3 Be7 12. axb5 axb5 13. Rxa8+ Bxa8 14. Bg5
O-O 15. Ra1 Bd6 16. Bxf6 Nxf6 17. Qb3 b4 18. Ne1 Ng4 19. Nd1 Bb7 20. Bxb7 Qxb7
21. Ng2 h5 22. Nde3 Nxe3 23. Nxe3 Be5 24. Nc4 Qd5 25. Qd1 Bf6 26. Ra7 Rd8 27.
Qf1 h4 28. Qg2 Qg5 29. Ra1 Qg4 30. f3 Qg5 31. gxh4 Qxh4 32. Qg3 Qh6 33. Kf1 Rd5
34. f4 Rd4 35. e4 Qh5 36. h3 Rd8 37. Qe3 e5 38. fxe5 Bxe5 39. Kg2 Qg6+ 40. Kh1
Qf6 41. Qe2 Bc7 42. Rf1 Qd4 43. Qf3 f6 44. Rd1 Be5 45. Qg4 Kf8 46. Kg2 Bc7 47.
Qf3 1/2-1/2

[Event "South Wales International"]
[Site "Penarth Conservative Club, WLS"]
[Date "2013.07.14"]
[Round "2.3"]
[White "Wells, Peter K"]
[Black "Braun, Walter"]
[Result "1-0"]
[WhiteElo "2479"]
[BlackElo "2236"]
[PlyCount "91"]
[EventDate "2013.??.??"]

1. d4 d5 2. Nf3 c5 3. c4 e6 4. cxd5 exd5 5. g3 Nc6 6. Bg2 Nf6 7. O-O Be7 8.
dxc5 O-O 9. Be3 Bg4 10. Nd4 Qd7 11. Nxc6 bxc6 12. Nc3 Rab8 13. Qd2 Rfe8 14. f3
Bf5 15. Bd4 Bg6 16. e3 Qb7 17. Ne2 Nd7 18. Rfc1 Qb5 19. Bf1 Bf6 20. Bxf6 gxf6
21. b3 Qb7 22. Nd4 Qc7 23. b4 Re7 24. a4 Rbe8 25. Ra3 Ne5 26. b5 Bh5 27. Be2
Qd7 28. bxc6 Qh3 29. Rb3 Kh8 30. Rb7 Nxc6 31. Rxe7 Nxe7 32. c6 Rg8 33. Bf1 Qc8
34. c7 Bg6 35. Qb4 Nf5 36. Bh3 Qe8 37. Qd2 Nd6 38. c8=Q Nxc8 39. Rxc8 Qxa4 40.
Rxg8+ Kxg8 41. Qc3 Qd1+ 42. Kf2 Qh1 43. Bg2 Qxh2 44. Nc6 Kg7 45. Ne7 h5 46.
Nxd5 1-0

[Event "South Wales International"]
[Site "Penarth Conservative Club, WLS"]
[Date "2013.07.14"]
[Round "2.5"]
[White "Arkell, Keith C"]
[Black "House, Glenn L"]
[Result "1-0"]
[WhiteElo "2444"]
[BlackElo "2211"]
[PlyCount "81"]
[EventDate "2013.??.??"]

1. d4 Nf6 2. Nf3 e6 3. c3 Be7 4. Bg5 b6 5. Nbd2 O-O 6. e4 d5 7. e5 Ne4 8. Bxe7
Qxe7 9. Bd3 Nxd2 10. Qxd2 Ba6 11. Bc2 c5 12. h4 cxd4 13. cxd4 Rc8 14. Rh3 Nc6
15. a3 f6 16. exf6 gxf6 17. Bd3 Bxd3 18. Qxd3 Kh8 19. Kf1 Rc7 20. Rg3 Rg8 21.
Rxg8+ Kxg8 22. Re1 Nd8 23. Ng1 Qd6 24. g3 Nf7 25. Ne2 e5 26. dxe5 Nxe5 27. Qf5
d4 28. Rd1 d3 29. Nf4 d2 30. Qe4 Rc1 31. Ke2 Rxd1 32. Kxd1 Qc5 33. Qd5+ Qxd5
34. Nxd5 Kf7 35. Kxd2 Ke6 36. Ne3 Kd6 37. Kc3 b5 38. Kd4 Nc6+ 39. Ke4 Ke6 40.
Nf5 Na5 41. Nd4+ 1-0

[Event "South Wales International"]
[Site "Penarth Conservative Club, WLS"]
[Date "2013.07.14"]
[Round "2.6"]
[White "Hickman, John E"]
[Black "Hanley, Craig A"]
[Result "0-1"]
[WhiteElo "1965"]
[BlackElo "2433"]
[PlyCount "56"]
[EventDate "2013.??.??"]

1. e4 c5 2. Nf3 d6 3. d4 cxd4 4. Nxd4 Nf6 5. Nc3 a6 6. Be3 e5 7. Nb3 Be6 8. f3
h5 9. Be2 Nbd7 10. O-O Rc8 11. a4 Be7 12. Kh1 h4 13. Qd2 Nh5 14. Nd5 Bxd5 15.
exd5 f5 16. f4 Ng3+ 17. hxg3 hxg3+ 18. Kg1 Bf8 19. Rfe1 Qh4 20. Kf1 Qxf4+ 21.
Bf3 Qc4+ 22. Be2 Rh1+ 23. Bg1 Qh4 24. Bf3 Be7 25. Na5 e4 26. Nxb7 Ne5 27. Qd4
Rxc2 28. Be2 Qf4+ 0-1

[Event "South Wales International"]
[Site "Penarth Conservative Club, WLS"]
[Date "2013.07.14"]
[Round "2.7"]
[White "Greet, Andrew N"]
[Black "Ehsander, Peter"]
[Result "1-0"]
[WhiteElo "2427"]
[BlackElo "1959"]
[PlyCount "37"]
[EventDate "2013.??.??"]

1. d4 Nf6 2. c4 g6 3. g3 Bg7 4. Bg2 O-O 5. Nc3 d6 6. Nf3 Nc6 7. O-O a6 8. Qd3
Bf5 9. e4 Bg4 10. Be3 Qc8 11. Rac1 Re8 12. Ne1 e5 13. d5 Nd4 14. f3 Bh3 15. Nc2
c5 16. dxc6 bxc6 17. Nxd4 exd4 18. Bxd4 Qb7 19. Bxh3 1-0

[Event "South Wales International"]
[Site "Penarth Conservative Club, WLS"]
[Date "2013.07.14"]
[Round "2.8"]
[White "Bullen, Alex"]
[Black "Strugnell, Carl"]
[Result "0-1"]
[WhiteElo "1954"]
[BlackElo "2302"]
[PlyCount "44"]
[EventDate "2013.??.??"]

1. e4 c5 2. Nf3 d6 3. d4 cxd4 4. Nxd4 Nf6 5. Nc3 Nc6 6. Bc4 Qb6 7. Nb3 e6 8.
Qe2 Be7 9. Be3 Qc7 10. O-O-O a6 11. g4 O-O 12. g5 Ng4 13. Bf4 Nge5 14. Bd3 b5
15. Rhg1 b4 16. Nb1 a5 17. Bxe5 dxe5 18. Rg3 a4 19. N3d2 Nd4 20. Qh5 g6 21. Qh6
Qxc2+ 22. Bxc2 Ne2# 0-1

[Event "South Wales International"]
[Site "Penarth Conservative Club, WLS"]
[Date "2013.07.14"]
[Round "2.9"]
[White "Adebajo, Olufemi"]
[Black "Rees, Ioan"]
[Result "1/2-1/2"]
[WhiteElo "1934"]
[BlackElo "2258"]
[PlyCount "63"]
[EventDate "2013.??.??"]

1. e4 c6 2. d3 d5 3. Nd2 e5 4. g3 Nf6 5. Bg2 Bd6 6. Ngf3 O-O 7. O-O Nbd7 8. Re1
Re8 9. a4 Nf8 10. h3 Qc7 11. Nh4 g6 12. Qf3 dxe4 13. dxe4 N6d7 14. Nc4 Be7 15.
Qe2 Bxh4 16. gxh4 b6 17. Qf3 Ne6 18. c3 Ba6 19. Bf1 Ndc5 20. Bh6 Nf4 21. Nxe5
Nxh3+ 22. Bxh3 Qxe5 23. Bf4 Qf6 24. e5 Qxh4 25. Rad1 Rad8 26. e6 Nxe6 27. Bxe6
fxe6 28. Bg3 Qc4 29. Qf6 Rxd1 30. Rxd1 Rf8 31. Qe7 Qe2 32. Rd8 1/2-1/2

[Event "South Wales International"]
[Site "Penarth Conservative Club, WLS"]
[Date "2013.07.14"]
[Round "2.10"]
[White "Marusenko, Petr"]
[Black "Bryant, Richard BE"]
[Result "1/2-1/2"]
[WhiteElo "2213"]
[BlackElo "1934"]
[PlyCount "130"]
[EventDate "2013.??.??"]

1. d4 d5 2. c4 c6 3. Nc3 dxc4 4. e4 b5 5. a4 b4 6. Nb1 Ba6 7. Qc2 Qxd4 8. Nf3
b3 9. Nxd4 bxc2 10. Nxc2 e5 11. Ne3 Nf6 12. f3 Nbd7 13. Nxc4 Bxc4 14. Bxc4 Bc5
15. Nd2 Rb8 16. Ke2 O-O 17. b3 Bd4 18. Ra2 Nb6 19. Ba6 Rfd8 20. Ba3 Ne8 21. Rc1
Nc7 22. Bd3 Ne6 23. a5 Nf4+ 24. Kd1 Nxd3 25. Rxc6 Nd7 26. Rc4 Rbc8 27. Rac2
Rxc4 28. Rxc4 h5 29. Rc7 N7c5 30. Kc2 Ne6 31. Re7 Ne1+ 32. Kb1 Nxg2 33. Nc4 Ne3
34. Nd6 Bc5 35. Bxc5 Nxc5 36. Nxf7 Rd2 37. Nxe5 Nxb3 38. Rc7 Nxa5 39. Rc5 Nb7
40. Rc3 Nf1 41. h4 Rd6 42. Rc7 Rb6+ 43. Kc1 Ne3 44. Rc8+ Kh7 45. Nd7 Rd6 46.
Nf8+ Kg8 47. Ne6+ Kf7 48. Nf4 Na5 49. Rc7+ Ke8 50. Kb2 Rb6+ 51. Kc3 Rc6+ 52.
Rxc6 Nxc6 53. Kd3 Nd1 54. Nxh5 Kf7 55. Kc4 a5 56. Kb3 Ne3 57. Nf4 Kf6 58. Ka4
Nc4 59. Nh5+ Kg6 60. Nf4+ Kh6 61. Ne6 N4e5 62. Kb5 a4 63. Kxa4 Nxf3 64. h5 Ng5
65. Nxg7 Kxg7 1/2-1/2

[Event "South Wales International"]
[Site "Penarth Conservative Club, WLS"]
[Date "2013.07.14"]
[Round "2.11"]
[White "Kostanjsek, Luke"]
[Black "Steffens, Olaf"]
[Result "1-0"]
[WhiteElo "1929"]
[BlackElo "2200"]
[PlyCount "37"]
[EventDate "2013.??.??"]

1. d4 g6 2. e4 Bg7 3. h4 d5 4. e5 h5 5. Nc3 Nh6 6. Bg5 c6 7. Nh3 Nf5 8. Qd2 Qa5
9. O-O-O Nd7 10. Nf4 e6 11. Kb1 b6 12. g4 hxg4 13. h5 Nxd4 14. Qxd4 Bxe5 15.
Qe3 gxh5 16. Nxh5 f6 17. Nxf6+ Bxf6 18. Qxe6+ Kf8 19. Bxf6 1-0

[Event "South Wales International"]
[Site "Penarth Conservative Club, WLS"]
[Date "2013.07.14"]
[Round "2.13"]
[White "Robinson, David"]
[Black "Brown, Thomas"]
[Result "0-1"]
[WhiteElo "1926"]
[BlackElo "2106"]
[PlyCount "78"]
[EventDate "2013.??.??"]

1. d4 g6 2. Nf3 Bg7 3. Bf4 d6 4. e3 Nd7 5. Be2 e5 6. Bg3 Nh6 7. c4 O-O 8. Nc3
f5 9. Bh4 Bf6 10. Bxf6 Qxf6 11. Nd5 Qd8 12. Qb3 c6 13. Nc3 e4 14. Nd2 Nf6 15.
O-O Qe7 16. a4 Kh8 17. a5 g5 18. Qc2 Be6 19. b4 d5 20. b5 cxb5 21. cxb5 f4 22.
Na4 Nf5 23. Qb3 g4 24. Rfe1 f3 25. Bf1 fxg2 26. Bxg2 Nh4 27. Re2 Qf7 28. Rc1
Nf3+ 29. Kh1 Qh5 30. Nf1 Nxh2 31. Nxh2 g3 32. fxg3 Qxe2 33. Nc5 Qh5 34. Kg1 Ng4
35. Nxg4 Bxg4 36. Nxb7 Bf3 37. Rf1 Bxg2 38. Rxf8+ Rxf8 39. Kxg2 Qf3+ 0-1

[Event "South Wales International"]
[Site "Penarth Conservative Club, WLS"]
[Date "2013.07.14"]
[Round "2.15"]
[White "Horton, Justin"]
[Black "Bridges, Paul"]
[Result "1/2-1/2"]
[WhiteElo "2090"]
[BlackElo "1851"]
[PlyCount "99"]
[EventDate "2013.??.??"]

1. Nf3 d5 2. d4 e6 3. c4 c6 4. Qc2 f5 5. Bf4 Nf6 6. h3 Bb4+ 7. Nbd2 Ne4 8. a3
Nxd2 9. Nxd2 Bd6 10. Bxd6 Qxd6 11. e3 O-O 12. O-O-O Nd7 13. g4 Nf6 14. f3 Bd7
15. g5 Nh5 16. f4 Ng3 17. c5 Qc7 18. Rg1 Ne4 19. Nxe4 fxe4 20. Kd2 b6 21. Rb1
Rab8 22. b4 b5 23. h4 a5 24. Be2 axb4 25. axb4 Ra8 26. Ra1 Ra7 27. h5 Rfa8 28.
Qb2 Ra6 29. Rxa6 Rxa6 30. Ra1 Qa7 31. Rxa6 Qxa6 32. Bd1 Qa8 33. Kc3 Kf8 34. Bb3
Be8 35. Bd1 Bd7 36. Qc1 Qa2 37. Bb3 Qe2 38. h6 g6 39. Qd2 Qxd2+ 40. Kxd2 Ke7
41. Ke2 Kf7 42. Kf2 Ke7 43. Kg3 Be8 44. Bd1 Bd7 45. f5 exf5 46. Kf4 Ke6 47. Bh5
Be8 48. Bd1 Bd7 49. Be2 Be8 50. Bd1 1/2-1/2

[Event "South Wales International"]
[Site "Penarth Conservative Club, WLS"]
[Date "2013.07.14"]
[Round "2.16"]
[White "Jones, Steven"]
[Black "Williams, Ron"]
[Result "1-0"]
[WhiteElo "2033"]
[BlackElo "1807"]
[PlyCount "95"]
[EventDate "2013.??.??"]

1. e4 e6 2. d4 d5 3. Nc3 dxe4 4. Nxe4 Be7 5. Nf3 Nf6 6. Nxf6+ Bxf6 7. c3 b6 8.
Bd3 Bb7 9. O-O c5 10. dxc5 bxc5 11. Be3 Qa5 12. Nd2 Nd7 13. Qc2 h6 14. Rfd1 O-O
15. Nb3 Qa4 16. Bh7+ Kh8 17. Rxd7 Qxd7 18. Nxc5 Qc7 19. Nxb7 Qxb7 20. Be4 Qc7
21. Bxa8 Rxa8 22. Rc1 Rc8 23. Rd1 Rd8 24. g3 Qa5 25. Rxd8+ Bxd8 26. b4 Qc7 27.
c4 Bf6 28. a4 a6 29. c5 Qc6 30. Qb3 Kg8 31. b5 axb5 32. axb5 Qa8 33. c6 Bd8 34.
Qc4 Qb8 35. b6 Bxb6 36. Bxb6 Qxb6 37. c7 Qb1+ 38. Kg2 Qb7+ 39. f3 Qc8 40. Qc5
f6 41. Qe7 Qa6 42. Qe8+ Kh7 43. c8=Q Qe2+ 44. Kh3 Qf1+ 45. Kg4 f5+ 46. Kf4 g5+
47. Ke5 Qe2+ 48. Kd6 1-0

[Event "South Wales International"]
[Site "Penarth Conservative Club, WLS"]
[Date "2013.07.14"]
[Round "2.17"]
[White "Fox, Chris"]
[Black "Pleasants, Allan J"]
[Result "0-1"]
[WhiteElo "1770"]
[BlackElo "2038"]
[PlyCount "54"]
[EventDate "2013.??.??"]

1. d4 d6 2. Nf3 g6 3. c4 Bg7 4. Nc3 Bg4 5. e3 Nc6 6. Be2 e5 7. d5 Bxf3 8. Bxf3
Nce7 9. e4 f5 10. O-O Nf6 11. b4 O-O 12. Bb2 a5 13. a3 Qd7 14. Qd3 f4 15. Rfd1
g5 16. Be2 Ng6 17. f3 h5 18. c5 g4 19. Rac1 axb4 20. axb4 gxf3 21. Bxf3 Nh4 22.
Ra1 Ng4 23. Rxa8 Rxa8 24. Ra1 Rxa1+ 25. Bxa1 Bf8 26. cxd6 Qxd6 27. h3 Qb6+ 0-1

[Event "South Wales International"]
[Site "Penarth Conservative Club, WLS"]
[Date "2013.07.14"]
[Round "2.18"]
[White "Harley-Yeo, Gareth"]
[Black "Hurn, Robert AJ"]
[Result "1-0"]
[WhiteElo "1979"]
[BlackElo "1770"]
[PlyCount "113"]
[EventDate "2013.??.??"]

1. d4 Nf6 2. Nf3 c5 3. d5 b5 4. c4 Bb7 5. Nc3 a6 6. Nd2 d6 7. e4 b4 8. Ne2 g6
9. b3 Bg7 10. Bb2 Nbd7 11. Qc2 O-O 12. Ng3 e6 13. Be2 exd5 14. cxd5 Re8 15. O-O
Ne5 16. h3 Bc8 17. f4 Ned7 18. Rae1 Nb6 19. Bc4 Bd7 20. Re2 Qc7 21. f5 g5 22.
Rfe1 h6 23. Nf3 Nxc4 24. bxc4 g4 25. Nd2 gxh3 26. gxh3 Kh7 27. Kh2 Rg8 28. Rg2
Bh8 29. Reg1 Qa5 30. Ba1 Qa3 31. Nb3 Ng4+ 32. hxg4 Rxg4 33. Kh3 Bxa1 34. Kxg4
Rg8+ 35. Kf3 Bd4 36. Nh5 Rg5 37. Rxg5 hxg5 38. Rxg5 Qb2 39. Nxd4 Qxd4 40. Nf4
Qc3+ 41. Qxc3 bxc3 42. Ke3 Ba4 43. Kd3 c2 44. Kd2 a5 45. Rg3 Kh6 46. Ng2 Kh5
47. Ra3 Bd7 48. Rxa5 Kg4 49. Ra3 f6 50. Kxc2 Be8 51. Kd2 Bh5 52. Ke3 Kg3 53.
Nf4 Bd1 54. Ra6 Bc2 55. Rxd6 Bb1 56. Ne2+ Kg4 57. Nc3 1-0

[Event "South Wales International"]
[Site "Penarth Conservative Club, WLS"]
[Date "2013.07.14"]
[Round "2.19"]
[White "Evans, Nicholas"]
[Black "Waterfield, John W"]
[Result "1/2-1/2"]
[WhiteElo "1755"]
[BlackElo "1980"]
[PlyCount "72"]
[EventDate "2013.??.??"]

1. d4 Nf6 2. c4 c5 3. d5 b5 4. cxb5 a6 5. bxa6 g6 6. Nc3 Bxa6 7. e4 Bxf1 8.
Kxf1 d6 9. Nf3 Nbd7 10. g3 Bg7 11. Kg2 O-O 12. Qe2 Qb6 13. a4 Rfb8 14. Nb5 Ne8
15. Nd2 Qa6 16. Ra3 Nb6 17. Qf3 Nxa4 18. Nc3 Bxc3 19. bxc3 c4 20. h4 h5 21. Qe2
Nf6 22. Re1 Ng4 23. Qxc4 Qxc4 24. Nxc4 Rc8 25. Rxa4 Rxa4 26. Nb6 Rac4 27. Nxc8
Rxc8 28. Bd2 Ne5 29. Rb1 Rc7 30. Be3 f6 31. Bd4 Nc4 32. Rb4 Kf7 33. Kf3 e5 34.
dxe6+ Kxe6 35. Ke2 Ne5 36. f4 Nc6 1/2-1/2

[Event "South Wales International"]
[Site "Penarth Conservative Club, WLS"]
[Date "2013.07.14"]
[Round "2.20"]
[White "Guy, David"]
[Black "Bennett, Rhys"]
[Result "1-0"]
[WhiteElo "1965"]
[BlackElo "1729"]
[PlyCount "67"]
[EventDate "2013.??.??"]

1. e4 e5 2. Nf3 Nc6 3. Bb5 a6 4. Ba4 Nf6 5. O-O Be7 6. Re1 b5 7. Bb3 d6 8. c3
O-O 9. h3 Na5 10. Bc2 c5 11. d4 Qc7 12. Nbd2 cxd4 13. cxd4 Rd8 14. Bd3 Nc6 15.
d5 Nb4 16. Bb1 a5 17. a3 Na6 18. Nf1 Bd7 19. Ng3 Rdc8 20. Bd2 Nc5 21. Bc2 a4
22. Rc1 Qb7 23. Bb1 Bd8 24. Bb4 Bb6 25. Qe2 Qa7 26. Nd2 Rc7 27. Ndf1 Rac8 28.
Ne3 Ba5 29. Nef5 Bxf5 30. Nxf5 Ne8 31. Qg4 Bb6 32. Ne7+ Rxe7 33. Qxc8 Nb7 34.
Re2 1-0

[Event "South Wales International"]
[Site "Penarth Conservative Club, WLS"]
[Date "2013.07.14"]
[Round "2.22"]
[White "Davis, Lee"]
[Black "Stensholt, Sigvat"]
[Result "1-0"]
[WhiteElo "1956"]
[BlackElo "1945"]
[PlyCount "75"]
[EventDate "2013.??.??"]

1. d4 d5 2. g3 Nf6 3. Bg2 c5 4. c4 cxd4 5. Nf3 e6 6. O-O Be7 7. Nxd4 O-O 8. Nc3
e5 9. Ndb5 a6 10. Na3 Bxa3 11. bxa3 dxc4 12. Bg5 Qxd1 13. Rfxd1 Nbd7 14. Rab1
Rb8 15. a4 h6 16. Bc1 Re8 17. Rb4 b5 18. axb5 Bb7 19. Rxc4 axb5 20. Rb4 Bxg2
21. Kxg2 Re6 22. Rxb5 Rc8 23. Bb2 Rec6 24. Nd5 Nxd5 25. Rdxd5 Nf6 26. Rxe5 Rc2
27. Re7 Ne8 28. Re3 Nd6 29. Rbb3 Nc4 30. Rec3 Rxe2 31. Rc1 Nd6 32. Rxc8+ Nxc8
33. Rb8 Kh7 34. a4 Nd6 35. a5 Nc4 36. a6 Re7 37. Bd4 Rd7 38. a7 1-0

[Event "South Wales International"]
[Site "Penarth Conservative Club, WLS"]
[Date "2013.07.14"]
[Round "2.25"]
[White "Wills, Alex"]
[Black "Jones, Jeremy"]
[Result "1-0"]
[WhiteElo "1717"]
[BlackElo "1621"]
[PlyCount "91"]
[EventDate "2013.??.??"]

1. d4 d5 2. Nf3 Nf6 3. b3 e6 4. Bb2 c5 5. e3 Nc6 6. a3 cxd4 7. exd4 Bd6 8. Bd3
Qc7 9. Nbd2 O-O 10. O-O Bd7 11. c4 dxc4 12. bxc4 b6 13. Rc1 Be7 14. d5 Nd8 15.
Be5 Bd6 16. Bxf6 gxf6 17. Ne4 Be5 18. d6 Bxd6 19. Nxd6 f5 20. Nb5 Qc5 21. a4 a6
22. Nc3 f6 23. Bxf5 Qxf5 24. Qxd7 Rf7 25. Qd6 Rg7 26. Nd4 Qc5 27. Qxc5 bxc5 28.
Nb3 e5 29. Nd5 Kf7 30. Nxc5 Ne6 31. Ne4 f5 32. Nd6+ Kg6 33. Rc3 f4 34. Re1 Rd8
35. Ne4 Nd4 36. Nc5 Rb8 37. h3 Kf5 38. Nxa6 Rbg8 39. Kh1 Nc6 40. g4+ fxg3 41.
Rf3+ Ke6 42. Nc5+ Kd6 43. Ne4+ Ke6 44. Rf6+ Kd7 45. Rd6+ Ke8 46. Ndf6+ 1-0